| 000 | 00586nam a2200205 a 4500 | ||
|---|---|---|---|
| 001 | 18266 | ||
| 003 | CO-ViMGA | ||
| 008 | 141112s2004 ck r 000 u spa d | ||
| 020 | _a9583600822 | ||
| 040 |
_aCO-ViMGA _bspa _cCO-ViMGA |
||
| 082 | 0 | 4 | _a320.956 N174 |
| 100 | 1 |
_aNariño, Antonio _926023 |
|
| 245 | 1 | 0 | _aEscritos Politicos |
| 260 |
_aBogotá, _cEl Ancora editores, _c2002 |
||
| 300 | _a174 p. | ||
| 590 | _aForma de adquisición : premio Min - Cultura | ||
| 650 | 1 | 4 | _aCOLOMBIA - Política Y GOBIERNO |
| 650 | 1 | 4 |
_aDERECHOS DEL HOMBRE Y DEL CIUDADANO _93795 |
| 942 |
_2ddc _cBK |
||
| 999 |
_c27619 _d27619 |
||